| 000 | 01866nam a2200385 4500 | ||
|---|---|---|---|
| 001 | 56270 | ||
| 003 | Biblioteca APEC | ||
| 005 | 20251014103519.0 | ||
| 008 | 210730b2020 dr ||||| |||| 00| 0 spa d | ||
| 040 |
_cBiblioteca APEC _aBiblioteca UNAPEC _bspa _erda |
||
| 041 | _aspa | ||
| 072 | _aFacultad de Humanidades | ||
| 090 | _aTPG-CI MMM-12 2020 | ||
| 100 | 1 |
_aRosa Tavares, Miguel Onelio de la _eautor _989676 |
|
| 245 | 1 | 0 |
_aPropuesta de un modelo de acompañamiento pedagógico virtual para la incorporación de las TIC'S en los docentes del nivel secundario de matemática, en el distrito educativo 04-05 de Yaguate, septiembre-diciembre 2020 / _cMiguel Onelio de la Rosa Tavares ; asesor: Damarys Vicente de la Riva |
| 264 | 1 |
_aSanto Domingo : _bUniversidad APEC, _c2020 |
|
| 300 |
_a107 hojas : _e+ 1 CD ROM |
||
| 336 |
_aTexto _btxt _2rdacontent |
||
| 337 |
_asin mediación _bn _2rdamedia |
||
| 338 |
_avolumen _bnc _2rdacarrier |
||
| 500 | _aCAMPUS I | ||
| 500 | _aTesis en Formato PDF. Tesis en Formato Electrónico. Tesis en formato digital. | ||
| 502 | _aTesis (Maestría en Ciencias de la Educación Mención Enseñanza de la Matemática Media y Superior) - Universidad APEC, 2020 | ||
| 504 | _aIncluye referencias bibliográficas e índice | ||
| 650 |
_aMatemáticas _xEnseñanza _989982 |
||
| 650 |
_aMatemáticas _xEnseñanza con ayuda de computadores _938761 |
||
| 650 |
_aEducación secundaria _xInnovaciones tecnológicas _989983 |
||
| 650 |
_aInnovaciones educativas _989984 |
||
| 650 |
_aTecnología educativa _989985 |
||
| 650 |
_aTecnología de la información _989986 |
||
| 700 |
_aVicente de la Riva, Damarys _easesor _976989 |
||
| 856 |
_uhttps://bibliotecaunapec.blob.core.windows.net/tesis/TPG_CI_MMM_12_2020_ET210241.pdf _yHacer clic para ver el PDF (1.63 MB). Trabajo de posgrado. |
||
| 912 | _aAJRP | ||
| 942 |
_2ddc _cTES |
||
| 999 |
_c14317 _d14317 |
||